000 005460000a22001090004500
100 1 _aConde, Miguel
245 1 0 _aPopulares, recios y dementes
300 _aVol.0, núm.23 (Agosto, 2007), Páginas 26-27
520 _aLos cuatro escritores brasileños invitados al encuentro literario de Bogotá representan un nuevo aliento en la narrativa que en Colombia es poco conocida. Después de Rubem Fonseca, ídolo en el país, estos son los puntales de una literatura rica y diversa.
773 0 _tArcadia / Andrés Felipe Solano, Editor
942 _cANA
999 _c62291
_d62291